Paintings in Animal Crossing: New Horizons - Statistics

General Stats
  • This quiz has been taken 9 times
  • The average score is 8 of 43
Answer Stats
Name Real Name % Correct
Famous Painting Mona Lisa
88%
Gallant Statue David
50%
Flowery Painting Sunflowers
50%
Twinkling Painting The Starry Night
50%
Wistful Painting Girl with a Pearl Earring
38%
Moving Painting The Birth of Venus
38%
Quaint Painting The Milkmaid
38%
Amazing Painting The Night Watch
38%
Mystic Statue Bust of Nefertiti
25%
Serene Painting Lady with an Ermine
25%
Dynamic Painting Thirty-Six Views of Mount Fuji The Great Wave off Kanagawa
25%
Beautiful Statue Venus de Milo
25%
Academic Painting Vitruvian Man
25%
Proper Painting A Bar at the Folies-Bergere
13%
Calm Painting A Sunday Afternoon on the Island of La Grande Jatte
13%
Graceful Painting Beauty Looking Back
13%
Motherly Statue Capitoline Wolf
13%
Robust Statue Discobolus
13%
Wild Painting Left Half Folding Screen of Fujin and Raijin (L)
13%
Wild Painting Right Half Folding Screen of Fujin and Raijin (R)
13%
Tremendous Statue Houmuwu Ding
13%
Mysterious Painting Isle of the Dead
13%
Great Statue King Kamehameha I
13%
Solemn Painting Las Meninas
13%
Worthy Painting Liberty Leading the People
13%
Valiant Statue Nike of Samothrace
13%
Rock-head Statue Olmec Colossal Head
13%
Sinking Painting Ophelia
13%
Informative Statue Rosetta Stone
13%
Jolly Painting Summer
13%
Warrior Statue Terracotta Army
13%
Basic Painting The Blue Boy
13%
Nice Painting The Fifer
13%
Glowing Painting The Fighting Temeraire
13%
Common Painting The Gleaners
13%
Scenic Painting The Hunters in the Snow
13%
Moody Painting The Sower
13%
Familiar Statue The Thinker
13%
Detailed Painting Ajisai Sokeizu
0%
Perfect Painting Apples and Oranges
0%
Ancient Statue Jomon Period "Dogu" Figurine Shakoki-dogu
0%
Scary Painting Otani Oniji the 3rd as Yakko Edobei
0%
Warm Painting The Clothed Maja
0%
No matching quizzes found
Score Distribution
Percent of People with Each Score
Percentile by Number Answered
Your Score History
You have not taken this quiz